| 000 | 01150cab a22002175a 4500 | ||
|---|---|---|---|
| 001 | L150490 | ||
| 008 | 100720e20100605xxk 000 0 eng d | ||
| 035 | _a(Sirsi) u150490 | ||
| 041 | 0 | _aeng | |
| 100 | 1 | _aPurchas, Robin | |
| 245 | 0 | 0 | _aPull out all the stops |
| 260 | _c2010 | ||
| 490 |
_aEstates Gazette _v(1022) 5 June 2010, 98-100(3) |
||
| 520 | _aLooks at "Transport for London (London Underground Limited) v Spirerose Limited (in administration)" (2009) and its effect on those practising compensation law. Notes that this House of Lords judgment overturned decisions given by the Lands Tribunal and the Court of Appeal therefore increasing the importance of making a section 17 application. Suggests the use of arbitration and regulatory reform to accommodate the results of the judgment and smooth the path to the Lands Tribunal. | ||
| 590 | _aKA | ||
| 650 | 2 | 4 | _aTRANSPORT FOR LONDON (LONDON UNDERGROUND LTD) V SPIREROSE LTD (IN ADMINISTRATION) |
| 651 | 4 | _aENGLAND AND WALES | |
| 690 | _aENVIRONMENTAL AND LAND CONSULTANCY-PLANNING AND DEVELOPMENT-COMPULSORY PURCHASE AND COMPENSATION | ||
| 700 | 1 | _aRedman, Michael | |
| 942 | _n0 | ||
| 999 |
_c82528 _d82528 |
||